000
00225nam a2200097Ia 4500
008
170619s9999 xx 000 0 und d
100
_a
French Bell
245
0
_a
Organization development
260
_b
New Delhi P H I
260
_c
2004
546
_a
ENGLISH
999
_c
22082
_d
22082